000
00325nam a22001457a 4500
008
230419b ||||| |||| 00| 0 eng d
020
_a
9780195423211
041
_a
eng
080
_2
SEVENTH EDITION
_a
34
082
_a
34AGN
100
_a
31
101
_a
JURED
245
_a
THE SCIENCE GAME
_c
AHNEW.M.N
942
_2
udc
_c
BK
999
_c
59602
_d
59602